Statistiken für Fernsehen: Mord mit Aussicht

Klicken Sie hier um das Quiz zu spielen!

Allgemein

  • Dieses Quiz wurde 132 mal gespielt
  • Das Durchschnittsergebnis liegt bei 18 aus 22

Antwortstatistiken

FrageAntwort% Korrekt
Welche Farbe hat Sophies BMW-Cabrio?rot
98%
In welchem fiktiven Ort spielt sie?Hengasch
95%
In welcher Stadt war Sophie vorher als Kommissarin tätig?Köln
94%
Später ist sie mit Jan Schulte zusammen, der welches Amt innehat?Bürgermeister
91%
In welchem deutschen Mittelgebirge spielt die Serie?Eifel
91%
Jochen Kauth, den Sophie heiraten will, hat welchen Beruf?Tierarzt
89%
Bär
88%
Aus welchem Land kommt die Pflegerin für Sophies Vater, in die er sich später verliebt?Polen
88%
Wie heißt Sophies Vorgänger als Dienststellenleiter?Hans Z{ielonka}
84%
Gynäkologe Dr. Bechermann stellt meistens welche Todesursache fest, wenn er an einen Tatort gerufen wird?Herzinfarkt
82%
Wie heißt die Kommissarin und Leiterin der Polizeidiensstelle?Sophie {Haas}
82%
Von wem wird er gespielt?Bjarne Mädel
80%
Welche Kosenamen haben die Schäffers füreinander?Muschi
80%
In welchem Gebäude wohnt Sophie, anfangs mit ihrem Vater?F{orsthaus}
79%
Außerdem arbeiten dort die Polizistin ....Bärbel {Schmied}
78%
Wo geben sich Sophie und Schäffer als Ehepaar aus, um dort undercover zu ermitteln?C{ampingplatz}
76%
Wie heißt der Gasthof im Ort?Au{bach}
75%
Was kocht Frau Schäffer gerade, als sie ein entflohener Häftling in ihrer Küche als Geisel nimmt?Gulasch
73%
... und der Polizist ...{Dietmar} Schäffer
72%
Wie heißt Schäffers Frau mit Vornamen?Heike
69%
Gespielt wird sie von ...?Caroline Peters
61%
Wie heißt Bärbels Tante, die gegen ihre Arthrose Haschisch konsumiert?Tante {Ente}
54%

Verteilung der Resultate

Perzentil nach korrekt beantworteten Fragen

Anzahl Personen mit jedem Resultat

Ihre Resultats-Entwicklung

Sie haben dieses Quiz noch nicht gespielt